|
|
|
|
| LEADER |
00000nab a2200000 a 4500 |
| 001 |
vtls010238952 |
| 003 |
SK-MaSNL |
| 005 |
20260305033347.0 |
| 008 |
110223c2011 xo wr 0 0slo |
| 038 |
|
|
|a SLLK
|
| 040 |
|
|
|a SLLK
|b slo
|c sllk
|e AACR2
|
| 041 |
|
|
|a slo
|
| 044 |
|
|
|a xo
|c SK
|
| 080 |
|
|
|a 379.8
|2 2001
|
| 245 |
0 |
0 |
|a Ako naozajstné mamičky
|c Text a foto (hm)
|
| 300 |
|
|
|b Fotogr.
|
| 610 |
2 |
7 |
|a Centrum voľného času (Stará Ľubovňa, Slovensko)
|2 sllk
|9 59256
|
| 611 |
2 |
7 |
|a Miss Bábika
|d (2011 :
|c Stará Ľubovňa, Slovensko)
|2 sllk
|9 1613768
|
| 648 |
|
7 |
|a 2011
|2 snkbucl
|9 328311
|
| 651 |
|
7 |
|a Stará Ľubovňa (Slovensko : okres)
|2 sllk
|9 19196
|
| 773 |
0 |
|
|t Ľubovnianske noviny
|g Roč. XXXVII, č. 7 (2011), s. 3
|
| 999 |
|
|
|c 3323976
|d 3325906
|